| 000 | 00922nam a2200193Ia 4500 | ||
|---|---|---|---|
| 999 |
_c7784 _d7784 |
||
| 005 | 20230331091320.0 | ||
| 008 | 230330s9999 xx 000 0 und d | ||
| 040 |
_aUPAN _cBiblioteca San Vicente _eRCAA2 |
||
| 041 | _aspa | ||
| 082 |
_a310 _bP116e |
||
| 100 | _aPacheco G., Rene | ||
| 245 | 0 |
_aEstadistica II _b(Aplicada) _cRené Pacheco G. |
|
| 250 | _a2ª ed. | ||
| 260 |
_aSan Salvador _bONVSERP _c1994 |
||
| 300 |
_a269 p. _c22 cm. |
||
| 520 | _aCapitulo I: Probabilidades. Capitulo II: Principios fundamentales de muestreo Capitulo III: Correlación lineal Capitulo IV: Regresión lineal Capitulo V: Otras técnicas de correlación Capitulo VI: Significación de coeficientes de correlación Capitulo VII: Estimación de parámetros Capitulo VIII: Contraste de hipótesis Capitulo IX: La prueba de X² Capitulo X: Pruebas no-paramétricas | ||
| 650 |
_2LEMB _xEstadística matemática |
||
| 942 |
_cBK _2ddc |
||